000 00782nam a2200229Ii 4500
003 JO-AjNU
008 230605s9999||||xx |||||||||||||| ||und||
017 _a2012/5/1671
020 _a978-9957-562-02-1
040 _aJO-AjNU
_bara
_erda
_cJO-AjNU
041 _aara
050 1 4 _aLB1707 2013
100 3 _aالسامرائي، طارق عبد الحميد,
_eauthor
_950313
245 0 0 _aصياغة حديثة لبرامج التأهيل والتدريب التربوي
250 _aط1
264 3 1 _aعمان:دار الإبتكار للنشر،2013
300 _a208ص
336 _atext
_btxt
_2rdacontent
337 _aunmediated
_bn
_2rdamedia
338 _avolume
_bnc
_2rdacarrier
650 4 _aالإدارة التعليمية-التدريب الإداري
_950314
999 _aA22155
_c25723
_d25723